Statistics for Famous People - History

Click here to take the quiz!

General Stats

  • This quiz has been taken 141 times
    (104 since last reset)
  • The average score is 18 of 30

Answer Stats

HintAnswer% Correct
German Leader in WW2Adolf Hitler
96%
First President of the United StatesGeorge Washington
94%
Scientist that created E=MC2Albert Einstein
88%
Who Created DisneyWalt Disney
86%
Which President was Shot in Dallas TexasJohn F Kennedy
84%
British Prime Minister during WW2Winston Churchill
84%
Who wrote Plays such as Hannibal, Romeo and Juillet and McbethWilliam Shakespeare
81%
President in Civil WarAbraham Lincoln
80%
Who discovered GravityIsaac Newton
78%
First Female Prime Minister of the UKMargaret Thatcher
75%
Who fought in the Battle of Waterloo aganist Duke of WelingtonNapoleon Bonaparte
72%
Scientist that discovered RadiationMarie Curie
71%
European Explorer that died in HawaiiCaptain James Cook
69%
Longest Reigning British MonarchQueen Elizabeth II
69%
Who created the I PhoneSteve Jobs
69%
Which king of England had six wivesKing Henry VIII
67%
Who founded CommunismKarl Marx
63%
The last Pharaoh of EgyptCleopatra
55%
Japan Emperor during WW2Emperor Hirohito
53%
Deadliest Dictator of all timeMao Zedong
53%
President who knocked down the Berlin WallRonald Reagan
47%
Who created PenicillinAlexander Fleming
42%
Author of books such as Matilda and James and the Giant PeachRoald Dahl
40%
Who created ElectricityBenjamin Franklin
39%
Who was President of France in WW2Charles de Gaulle
37%
Who invented the telephoneAlexander Graham Bell
36%
Liberated the Philippines in WW2General Dogulas MacArthur
20%
Who Discovered New ZealandAble Tasman
16%
Who created the Federal ReserveAlexander Hamilton
12%
Who split the AtomErnest Rutherford
10%

Score Distribution

Percentile by Number Answered

Percent of People with Each Score

Your Score History

You have not taken this quiz since the last reset